Statistics for MMA fighter signature moves

Click here to take the quiz!

General Stats

  • This quiz has been taken 508 times
  • The average score is 6 of 15

Answer Stats

HintAnswer% Correct
Ronda Rousey is known for this joint lock.armbar
89%
Jose Aldo uses this technique to batter and slow his opponents.leg kick
77%
Bas Rutten was famous for attacking this organ with punches and kicks.liver
70%
Rickson Gracie dispatched most of his opponents with this technique, AKA "mata leon".rear naked choke
54%
The UFC was developed to showcase the effectiveness of this type of fighting style which was developed and made famous by the legendary Gracie family.brazilian jiu jitsu
44%
Chuck Liddell was known for this awkward angled punch.overhand right
44%
Rosmier Palhares has crippled multiple opponents with this technique.heel hook
41%
Brock Lesnar's only chance of winning a fight was based on this technique.takedown
41%
Tito Ortiz was famous for grinding out victories utilizing what type of attack?ground and pound
40%
This hybrid style of clinch fighting was made famous by Randy Couture.dirty boxing
32%
Wanderlei Silva defeated Quinton Jackson twice utilizing this technique.knees
32%
Anderson Silva is feared for this inside style of fighting.thai clinch
31%
Quinton Jackson is known for his highlight reel _____.slams
23%
This technique is mainly utilized in Japanese MMA promotions but is not widely accepted in the U.S. and other countries.soccer kicks
18%
Urijah Faber and his teammates are well versed in this submission.guillotine choke
14%

Score Distribution

Percentile by Number Answered

Percent of People with Each Score

Your Score History

You have not taken this quiz